The prize
Uloženo v:
| Hlavní autor: | |
|---|---|
| Médium: | Kniha |
| Jazyk: | angličtina |
| Vydáno: |
Nueva York
New American Library
1962
|
| Témata: | |
| Tagy: |
Přidat tag
Žádné tagy, Buďte první, kdo vytvoří štítek k tomuto záznamu!
|
MARC
| LEADER | 00000cam a2200000 a 4500 | ||
|---|---|---|---|
| 001 | UCF5476 | ||
| 003 | CL-VaPUC | ||
| 008 | 130318e19620000US |||||||||||||||||eng|d | ||
| 020 | |a 0451137590 | ||
| 082 | 0 | 4 | |a 813 |b WAL |2 21 |
| 100 | 0 | |a Wallace, Irving |e author |9 567440 | |
| 245 | 1 | 4 | |a The prize |
| 300 | |a 704 p | ||
| 942 | |c BK | ||
| 945 | |d 20130318 00:00:00 |a cmena | ||
| 260 | |a Nueva York |b New American Library |c 1962 | ||
| 650 | 0 | |a Novelas estadounidenses |9 265217 | |
| 650 | 0 | |a Literatura estadounidense |9 317168 | |
| 583 | |a last modification |c 20130318 11:20:00 |k Rodrigo Vera | ||
| 999 | |c 351016 |d 351014 | ||
| 952 | |0 0 |1 0 |4 0 |6 813_000000000000000_WAL_1962 |7 0 |8 A |9 454881 |a BIBEDU |b BIBEDU |d 2019-11-22 |i 4949129 |o 813 WAL 1962 |p 4949129 |r 2019-11-22 |w 2019-11-22 |y BK |k LIT | ||